Narratív szövegek irodalmi magyarázata a probléma /
Elmentve itt :
| Szerző: | |
|---|---|
| Dokumentumtípus: | Könyv része |
| Megjelent: |
JATE Bölcsészettudományi Kar
Szeged
1978
|
| Sorozat: | Szegedi bölcsészműhely
Szegedi Bölcsészműhely '77 : kutatási módszerek és irányzatok a társadalomtudományokban |
| Kulcsszavak: | Irodalomtudomány |
| Tárgyszavak: | |
| Online Access: | http://acta.bibl.u-szeged.hu/75766 |
| LEADER | 00831naa a2200205 i 4500 | ||
|---|---|---|---|
| 001 | acta75766 | ||
| 005 | 20220516142832.0 | ||
| 008 | 220516s1978 hu o 0|| hun d | ||
| 040 | |a SZTE Egyetemi Kiadványok Repozitórium |b hun | ||
| 041 | |a hun | ||
| 100 | 1 | |a Bernáth Árpád | |
| 245 | 1 | 0 | |a Narratív szövegek irodalmi magyarázata |h [elektronikus dokumentum] : |b a probléma / |c Bernáth Árpád |
| 260 | |a JATE Bölcsészettudományi Kar |b Szeged |c 1978 | ||
| 300 | |a 141-153 | ||
| 490 | 0 | |a Szegedi bölcsészműhely | |
| 490 | 0 | |a Szegedi Bölcsészműhely '77 : kutatási módszerek és irányzatok a társadalomtudományokban | |
| 650 | 4 | |a Bölcsészettudományok | |
| 650 | 4 | |a Nyelvek és irodalom | |
| 695 | |a Irodalomtudomány | ||
| 856 | 4 | 0 | |u http://acta.bibl.u-szeged.hu/75766/1/szegedi_bolcseszmuhely_77_141-153.pdf |z Dokumentum-elérés |